000 00540nam a22001697a 4500
003 OSt
005 20260423153718.0
008 260108b |||||||| |||| 00| 0 eng d
040 _cSVYASA
100 _aKatla Naresh
_91230
245 _aDevelopment, control validation, and feasibility of a tele yoga module for post -traumatic stress disorder.
260 _aBangaluru
_bSvyasa
_c2025
300 _a164 p.
856 _uhttp://hdl.handle.net/10603/696962
856 _uhttps://elibraryofyoga.com/handle/123456789/2582
942 _2ddc
_cT
_n0
999 _c20835
_d20835